[Event "AUT-ch Open 2020"]
[Site "Graz"]
[Date "2020.02.18"]
[Round "5.19"]
[White "Mayrhuber, Nikola"]
[Black "Caglar, Sila"]
[Result "0-1"]
[WhiteElo "2017"]
[BlackElo "2268"]
[Annotator "ChessBase"]
[PlyCount "96"]
[EventDate "2020.02.14"]
[EventType "swiss"]
[EventCountry "AUT"]
[SourceTitle "playchess.com"]
[Source "ChessBase"]
[SourceQuality "1"]
[TimeControl "40/5400+30:1800+30"]

1. d4 {[%emt 0:00:00]} Nf6 {[%emt 0:00:00]} 2. c4 {[%emt 0:00:00]} c5 {[%emt 0:00:08]} 3. d5 {[%emt 0:00:00]} e6 {[%emt 0:00:10]} 4. g3 {[%emt 0:01:53]} exd5 {[%emt 0:00:19]} 5. cxd5 {[%emt 0:00:08]} d6 {[%emt 0:00:22]} 6. Nc3 {[%emt 0:00:48]} g6 {[%emt 0:00:43]} 7. Bg2 {[%emt 0:00:17]} Bg7 {[%emt 0:00:07]} 8. Nf3 {[%emt 0:00:08]} O-O {[%emt 0:00:09]} 9. O-O {[%emt 0:00:06]} Re8 {[%emt 0:00:11]} 10. Bf4 {[%emt 0:00:21]} Bf5 {[%emt 0:00:35]} 11. Nh4 {[%emt 0:00:56]} Bc8 {[%emt 0:05:27]} 12. Nf3 {[%emt 0:00:34]} Bf5 {[%emt 0:00:51]} 13. Nh4 {[%emt 0:00:11]} Bg4 {[%emt 0:01:10]} 14. Qd2 {[%emt 0:06:12]} b5 {[%emt 0:11:05]} 15. Nxb5 {[%emt 0:03:02]} Rxe2 {[%emt 0:02:17]} 16. Qc1 {[%emt 0:00:28]} Ne8 {[%emt 0:08:13]} 17. Nc3 {[%emt 0:10:20]} Re7 {[%emt 0:00:41]} 18. Bg5 {[%emt 0:07:25]} f6 {[%emt 0:02:32]} 19. Bh6 {[%emt 0:04:51]} Bxh6 {[%emt 0:30:39]} 20. Qxh6 {[%emt 0:00:08]} g5 {[%emt 0:00:11]} 21. Bf3 {[%emt 0:08:26]} Bc8 {[%emt 0:16:52]} 22. Ng2 {[%emt 0:01:06]} Nd7 {[%emt 0:00:27]} 23. Be2 {[%emt 0:17:38]} Ne5 {[%emt 0:13:27]} 24. f4 {[%emt 0:04:41]} Nf7 {[%emt 0:00:23]} 25. Qh5 {[%emt 0:00:15]} Ng7 {[%emt 0:00:36]} 26. Qf3 {[%emt 0:00:14]} g4 {[%emt 0:00:08]} 27. Qf2 {[%emt 0:01:40]} f5 {[%emt 0:00:26]} 28. Bd3 {[%emt 0:03:36]} Bd7 {[%emt 0:01:35]} 29. Rfe1 {[%emt 0:01:35]} Rb8 {[%emt 0:00:40]} 30. Ne3 {[%emt 0:02:54]} h5 {[%emt 0:02:00]} 31. Qc2 {[%emt 0:03:01]} Nh6 {[%emt 0:00:10]} 32. Nc4 {[%emt 0:01:18]} Rxe1+ {[%emt 0:01:08]} 33. Rxe1 {[%emt 0:00:05]} Qf6 {[%emt 0:00:08]} 34. Ne2 {[%emt 0:04:50]} Re8 {[%emt 0:00:53]} 35. Kf2 {[%emt 0:02:24]} Nf7 {[%emt 0:00:25]} 36. Qc3 {[%emt 0:00:44]} Qd8 {[%emt 0:01:34]} 37. Qa3 {[%emt 0:03:51]} Qa8 {[%emt 0:00:25]} 38. Nc3 {[%emt 0:01:47]} Qb7 {[%emt 0:01:10]} 39. Qa5 {[%emt 0:07:15]} Kf8 {[%emt 0:00:37]} 40. Bc2 {[%emt 0:02:32]} Rxe1 {[%emt 0:00:26]} 41. Kxe1 {[%emt 0:30:07]} h4 {[%emt 0:10:40]} 42. a3 {[%emt 0:00:00]} Nh5 {[%emt 0:00:40]} 43. Kf2 {[%emt 0:00:00]} Nf6 {[%emt 0:00:58]} 44. b4 {[%emt 0:00:00]} Nxd5 {[%emt 0:03:50]} 45. bxc5 {[%emt 0:00:00]} Nf6 {[%emt 0:03:07]} 46. Bd1 {[%emt 0:00:00]} Qh1 {[%emt 0:01:29]} 47. Nxd6 {[%emt 0:00:00]} Qxh2+ {[%emt 0:00:20]} 48. Kf1 {[%emt 0:00:00]} hxg3 {[%emt 0:00:35]} 0-1

[Event "AUT-ch Open 2020"]
[Site "Graz"]
[Date "2020.02.18"]
[Round "5.20"]
[White "Dragnev, Valentin"]
[Black "Stoleriu, George"]
[Result "1/2-1/2"]
[WhiteElo "2549"]
[BlackElo "2549"]
[Annotator "TA"]
[PlyCount "63"]
[EventDate "2020.02.14"]
[EventType "swiss"]
[EventCountry "AUT"]
[SourceTitle "playchess.com"]
[Source "ChessBase"]
[SourceQuality "1"]

{[%evp 19,63,24,28,41,27,37,29,23,41,27,29,27,27,37,31,22,22,13,14,0,10,4,15,23,21,8,16,0,24,0,0,0,-9,-13,-12,-13,0,0,0,-18,-18,-19,-19,-24,-41,-94]} 1. d4 Nf6 2. c4 e6 3. Nf3 Bb4+ 4. Bd2 Qe7 5. g3 Bxd2+ 6. Qxd2 d6 7. Bg2 O-O 8. Nc3 Re8 9. O-O e5 10. dxe5 dxe5 11. Nd5 {E11: Bogo-Indian.} Nxd5 12. cxd5 e4 13. Nd4 {White has an edge.} Qe5 {[#]} 14. Nb5 $146 ({Predecessor:} 14. Rac1 Qxd5 15. Rxc7 Na6 16. Rcc1 Qxa2 17. Nb5 f5 18. Nd6 Rd8 19. Qf4 Qe6 20. Rfd1 Qb3 21. Rd2 Be6 22. g4 Nb4 23. gxf5 Bd5 24. Rc7 e3 25. Qg5 {1-0 (25) Simeonov,L (2266)-Marsili,R ICCF email 2015}) 14... a6 15. Nc3 Bf5 16. Rfd1 Nd7 17. Qd4 Nf6 18. Qb4 Rab8 19. e3 h5 20. h4 Bg4 21. Rd4 {[%cal Rc3e4]} Bf3 22. Bxf3 exf3 23. Rad1 Rbd8 24. R4d2 (24. Qc4 {is interesting.} Qd6 25. Rf4 b5 26. Qd3 Re5 27. b4) 24... b5 {[%cal Bb7b5,Bb5b4][%mdl 32]} 25. Qf4 Qxf4 26. gxf4 b4 27. Nb1 Ne4 28. Rd4 $1 Rd6 29. Nd2 Rg6+ 30. Kf1 Nxd2+ 31. R1xd2 Rg4 32. Rxb4 {Accuracy: White = 89%, Black = 100%.} ({White should play} 32. f5 $15) 1/2-1/2

[Event "AUT-ch Open 2020"]
[Site "Graz"]
[Date "2020.02.18"]
[Round "5.20"]
[White "Klings, Peter"]
[Black "Kravanja, Georg"]
[Result "1/2-1/2"]
[WhiteElo "2154"]
[BlackElo "2262"]
[Annotator "TA"]
[PlyCount "85"]
[EventDate "2020.02.14"]
[EventType "swiss"]
[EventCountry "AUT"]
[SourceTitle "playchess.com"]
[Source "ChessBase"]
[SourceQuality "1"]

{[%evp 11,85,46,62,18,21,22,24,21,30,10,19,8,23,23,56,35,37,32,43,8,96,97,102,79,89,63,69,0,0,13,26,0,0,0,0,10,37,0,34,29,50,0,0,0,0,0,0,0,129,-8,0,0,0,0,0,0,0,0,0,0,0,0,0,0,0,0,0,0,0,0,0,0,0,0,0,0]} 1. e4 g6 2. d4 Bg7 3. Nc3 d6 4. Be3 a6 5. a4 b6 6. Nf3 Bb7 7. Bd3 {B06: Modern Defence.} e6 8. O-O Nd7 9. h3 {White has an edge.} Ne7 10. Re1 O-O 11. Qd2 {[#]} Re8 $146 ({Predecessor:} 11... c5 12. Rad1 {½-½ (12) Cemhan,K (2019)-Abdimanoglu,B (1872) Kocaeli 2014}) 12. Bh6 Bh8 13. Ne2 $36 {[%mdl 2048] White has some pressure.} e5 14. c3 c5 15. d5 Bg7 (15... Nxd5 $1 $11 16. Bc4 (16. exd5 e4 $14) 16... N5f6) 16. Ng3 $16 Rf8 17. c4 Rb8 18. Nf1 Bc8 19. Reb1 ({White should play} 19. Qg5 $14) 19... f5 $1 $11 20. Bxg7 Kxg7 21. Ng5 {Hoping for Ne6+.} Nf6 22. exf5 Nxf5 23. Bxf5 Bxf5 24. Rd1 (24. Ng3 $5 {[%cal Rg3f5]} Bd7 25. Re1 $11) 24... Qe7 25. Ng3 Bd7 26. b3 h6 27. N5e4 Nxe4 28. Nxe4 Rf4 29. Re1 Bf5 {[#]} (29... Rh4 $11 {keeps the balance.}) 30. f3 (30. Nxc5 $1 $16 {[%mdl 512] Strongly threatening Qxf4!} bxc5 {[#]} 31. Qxf4 $1 {[%mdl 576] Pin}) 30... Bxe4 {The position is equal.} (30... g5 {keeps more tension.} 31. Ng3 Bg6 32. Ne2 Rh4 33. Nc3 Rd4) 31. Rxe4 {Qxf4! is the strong threat.} Rxe4 32. fxe4 {[%mdl 4096] Endgame KQR-KQR} Qh4 33. Qe2 Qg3 34. Rf1 Rf8 35. Rxf8 Kxf8 {KQ-KQ} 36. Qf2+ Qf4 37. g3 Qf7 38. Kg2 Kg7 39. Qxf7+ Kxf7 40. Kf3 h5 41. h4 g5 42. Ke3 ({But not} 42. hxg5 $2 Kg6 $19) 42... gxh4 43. gxh4 {Accuracy: White = 74%, Black = 83%.} 1/2-1/2

[Event "AUT-ch Open 2020"]
[Site "Graz"]
[Date "2020.02.18"]
[Round "5.21"]
[White "Lim, Zhuo Ren"]
[Black "Palac, Mladen"]
[Result "1/2-1/2"]
[WhiteElo "2296"]
[BlackElo "2536"]
[Annotator "RC"]
[PlyCount "87"]
[EventDate "2020.02.14"]
[EventType "swiss"]
[EventCountry "AUT"]
[SourceTitle "playchess.com"]
[Source "ChessBase"]
[SourceQuality "1"]
[TimeControl "40/5400+30:1800+30"]

1. d4 {[%emt 0:00:00]} Nf6 {[%emt 0:17:03]} 2. c4 {[%emt 0:00:00]} e6 {[%emt 0:00:03]} 3. Nf3 {[%emt 0:00:07]} b6 {[%emt 0:00:39]} 4. g3 {[%emt 0:00:18]} Ba6 {[%emt 0:00:05]} 5. b3 {[%emt 0:00:20]} Bb4+ {[%emt 0:00:06]} 6. Bd2 {[%emt 0:00:20]} Be7 {[%emt 0:00:02]} 7. Bg2 {[%emt 0:00:11]} d5 {[%emt 0:00:01]} 8. cxd5 {[%emt 0:00:31]} exd5 {[%emt 0:00:01]} 9. O-O {[%emt 0:00:31]} O-O {[%emt 0:00:02]} 10. Nc3 {[%emt 0:00:12]} Re8 {[%emt 0:00:04]} 11. Rc1 {[%emt 0:02:58]} Nbd7 {[%emt 0:02:09]} 12. Nh4 {[%emt 0:00:44]} c6 {[%emt 0:12:13]} 13. Re1 {[%emt 0:02:41]} Bb7 {[%emt 0:10:05]} 14. Nf5 {[%emt 0:01:09]} Bb4 {[%emt 0:06:34]} 15. Na4 {[%emt 0:11:25]} Bf8 {[%emt 0:01:01]} 16. Bf4 {[%emt 0:00:49]} Nh5 {[%emt 0:06:38]} 17. Bd6 {[%emt 0:02:54]} g6 {[%emt 0:00:40]} 18. Bxf8 {[%emt 0:00:20]} Nxf8 {[%emt 0:00:02]} 19. Nh6+ {[%emt 0:02:07]} Kg7 {[%emt 0:00:07]} 20. Ng4 {[%emt 0:00:20]} Nd7 {[%emt 0:01:59]} 21. Qd2 {[%emt 0:02:13]} f5 {[%emt 0:00:20]} 22. Qh6+ {[%emt 0:01:18]} Kg8 {[%emt 0:00:36]} 23. Ne3 {[%emt 0:00:29]} Ng7 {[%emt 0:03:19]} 24. Nf1 {[%emt 0:09:01]} Nf6 {[%emt 0:04:49]} 25. f3 {[%emt 0:01:05]} Ne6 {[%emt 0:01:09]} 26. Qd2 {[%emt 0:02:10]} Qd6 {[%emt 0:00:07]} 27. e3 {[%emt 0:00:29]} Re7 {[%emt 0:06:49]} 28. Qc3 {[%emt 0:00:38]} Rc8 {[%emt 0:06:52]} 29. Red1 {[%emt 0:01:05]} Kg7 {[%emt 0:01:45]} 30. b4 {[%emt 0:01:13]} Rec7 {[%emt 0:02:39]} 31. Nd2 {[%emt 0:01:53]} Ba6 {[%emt 0:02:06]} 32. Nb3 {[%emt 0:00:51]} h5 {[%emt 0:02:55]} 33. Nb2 {[%emt 0:06:39]} h4 {[%emt 0:00:10]} 34. Qe1 {[%emt 0:00:47]} hxg3 {[%emt 0:00:53]} 35. hxg3 {[%emt 0:00:02]} Nh5 {[%emt 0:00:27]} 36. f4 {[%emt 0:00:18]} Nf6 {[%emt 0:00:06]} 37. Nd3 {[%emt 0:00:23]} Bxd3 {[%emt 0:01:25]} 38. Rxd3 {[%emt 0:00:04]} c5 {[%emt 0:05:37]} 39. dxc5 {[%emt 0:03:18]} bxc5 {[%emt 0:00:02]} 40. bxc5 {[%emt 0:00:07]} Nxc5 {[%emt 0:00:01]} 41. Nxc5 {[%emt 0:30:28]} Rxc5 {[%emt 0:30:03]} 42. Rcd1 {[%emt 0:02:18]} Rb8 {[%emt 0:02:40]} 43. Qd2 {[%emt 0:01:27]} Qe7 {[%emt 0:03:25]} 44. Bf3 {[%emt 0:04:14]} 1/2-1/2

[Event "AUT-ch Open 2020"]
[Site "Graz"]
[Date "2020.02.18"]
[Round "5.21"]
[White "Nolz, Tom"]
[Black "Breneis, Lukas"]
[Result "1/2-1/2"]
[WhiteElo "2153"]
[BlackElo "2250"]
[Annotator "TA"]
[PlyCount "143"]
[EventDate "2020.02.14"]
[EventType "swiss"]
[EventCountry "AUT"]
[SourceTitle "playchess.com"]
[Source "ChessBase"]
[SourceQuality "1"]

{[%evp 9,143,18,41,33,39,30,36,36,70,43,39,-14,0,-4,0,-12,16,0,12,-14,-10,-29,-23,-14,-19,-19,-18,-54,-54,-94,-60,-93,-50,-52,-52,-58,-58,-58,-64,-47,-35,-36,-36,-99,-100,-133,-106,-113,-111,-118,-84,-90,-72,-79,0,0,0,0,0,0,0,-33,-34,-39,-26,-33,-18,-106,-36,-33,-18,-19,-18,-26,-26,-26,-18,-31,-18,-18,-18,-18,-17,-20,-17,-17,-17,-18,-18,-18,-17,-20,-17,-18,-17,-18,-18,-18,-17,-25,-15,-25,-17,-31,-31,-32,-39,-39,-39,-70,-52,-54,-54,-53,-47,-47,-48,-48,-48,-48,-32,-53,-49,-49,-25,-25,-25,-39,-15,-17,-10,-17,-17,-17,-17,-17]} 1. e4 c5 2. Nc3 Nc6 3. Nge2 e6 4. g3 a6 5. Bg2 b5 6. d4 {B23: Closed Sicilian: Lines without g3.} cxd4 7. Nxd4 Bb7 8. O-O {White is slightly better.} d6 9. Be3 Qc7 10. a3 (10. Nxc6 $14 Bxc6 11. a4) 10... Nf6 $11 11. f4 Be7 12. Qe2 Rc8 13. Rad1 O-O {[#]} 14. g4 $146 ({Predecessor:} 14. Nxc6 Bxc6 15. Bd4 Rfe8 16. f5 e5 17. Be3 h6 18. h3 Qb7 19. Nd5 Bxd5 20. exd5 {0-1 (40) Rasulov,V (2504)-Mirzoev,A (2553) Urmia 2015}) 14... Nxd4 15. Bxd4 e5 16. Be3 exf4 17. Bxf4 Nd7 18. Rf3 Ne5 19. Rh3 Qc4 20. Bf1 Qxe2 21. Bxe2 Rfd8 22. Bxe5 dxe5 23. Rxd8+ Bxd8 24. Bd3 h6 25. Kf1 Bg5 26. Rf3 (26. a4 $15) 26... Bc1 $17 27. Nd1 Rd8 28. Ke2 Rd4 29. c3 Rd6 30. h3 Bc8 31. c4 {[#]} Be6 (31... Bd7 $1 $17) 32. cxb5 $11 axb5 33. Bxb5 Rd2+ 34. Ke1 {aiming for Rc3.} Rd4 35. Bd3 Bb3 {[%mdl 1024] Black has compensation.} 36. Rg3 Kh7 37. Rf3 f6 38. h4 (38. Be2 $11 Bc2 39. b4) 38... h5 ({Black should try} 38... Be6 $17 39. Nf2 Bxb2) 39. gxh5 $15 Bxd1 40. Kxd1 Bxb2 {[%mdl 4096] Endgame KRB-KRB} 41. Ke2 Bxa3 42. Rg3 Bc1 43. Bb1 Kh6 44. Rg6+ Kxh5 45. Rxg7 Kxh4 46. Rg1 Bg5 47. Kf3 {[%cal Rg1h1] [#]} Kh5 48. Rg2 Rd1 49. Rh2+ Kg6 50. Rb2 Re1 51. Rb3 Rh1 52. Kg2 Rd1 53. Kf3 Bf4 54. Rb7 Re1 55. Rb3 Rg1 {And now ...Rg3+ would win.} 56. Rb7 Rg3+ 57. Kf2 Rh3 58. Kg2 Rc3 59. Kf2 Bg5 60. Rd7 Bh4+ 61. Ke2 Kg5 62. Rd3 Rc4 63. Rd1 Kg4 64. Rg1+ Bg3 65. Rf1 Rb4 66. Bc2 Bf4 67. Rg1+ Kh4 68. Kf3 Rb2 69. Ba4 {The position is equal.} Ra2 70. Rh1+ Rh2 71. Rxh2+ Bxh2 72. Bd7 {Accuracy: White = 81%, Black = 85%.} 1/2-1/2

[Event "AUT-ch Open 2020"]
[Site "Graz"]
[Date "2020.02.18"]
[Round "5.22"]
[White "Novikov, Stanislav"]
[Black "Molnar, Bela"]
[Result "1/2-1/2"]
[WhiteElo "2531"]
[BlackElo "2312"]
[Annotator "TA"]
[PlyCount "135"]
[EventDate "2020.02.14"]
[EventType "swiss"]
[EventCountry "AUT"]
[SourceTitle "playchess.com"]
[Source "ChessBase"]
[SourceQuality "1"]

{[%evp 9,135,-23,0,-4,-11,-32,-31,-27,-29,-17,0,-15,-14,-12,0,0,0,-10,4,7,0,0,8,0,42,49,27,22,27,43,22,0,0,0,13,0,38,14,11,0,0,0,0,0,0,0,0,0,0,0,93,72,67,0,0,0,0,0,0,0,0,-41,107,107,107,32,33,0,0,0,0,0,0,0,0,0,49,16,16,16,16,16,16,16,16,16,16,16,16,16,16,16,15,15,15,15,15,16,16,16,18,44,48,64,93,14,14,0,0,0,0,0,0,0,0,0,0,0,0,0,0,0,0,0,0,0,0,0]} 1. b3 e5 2. Bb2 Nc6 3. e3 g6 4. c4 Bg7 5. Nc3 Nge7 6. Nf3 {A01: Nimzowitsch-Larsen Opening.} O-O 7. a3 {[#]} d5 $146 ({Predecessor:} 7... Re8 8. Qc2 d5 9. cxd5 Nxd5 10. Nxd5 Qxd5 11. Bc4 Qd8 12. h4 Na5 13. Bxf7+ Kxf7 {½-½ (36) Rogers,I (2562)-Smerdon,D (2257) Canberra 2000}) 8. cxd5 {Black is slightly better.} Nxd5 9. Qc2 Nb6 10. Be2 f5 11. d3 a5 12. O-O Be6 13. Nd2 Qe7 14. Bf3 Qc5 15. Rac1 Rad8 16. Rfd1 g5 17. Qb1 Qe7 18. Nc4 g4 19. Bxc6 $1 Nxc4 20. dxc4 bxc6 21. Rxd8 Qxd8 22. Rd1 Qh4 23. Na4 Qe7 $1 24. Qd3 Rb8 25. Qc3 Bf7 26. g3 Bf6 27. Kf1 h5 28. Ke1 Kg7 29. Kd2 c5 (29... Bg6 $11 {remains equal.}) 30. Kc2 $16 Bg6 31. Kb1 ({Better is} 31. Kc1 $14) 31... Be8 $1 $11 {[%cal Re8a4]} 32. Ka2 Bxa4 $1 33. bxa4 Qe6 34. Rd5 Qb6 $1 35. Qc2 c6 {[#]} (35... e4 $1 $15 {keeps the upper hand.} 36. Rd7+ Kg6 37. Bxf6 Kxf6) 36. Rd7+ $1 $16 Kg6 37. e4 (37. Bc3 $16 Rd8 38. Rxd8 Qxd8 39. e4) 37... f4 $14 38. gxf4 Qxb2+ $1 39. Qxb2 Rxb2+ 40. Kxb2 exf4+ {[%mdl 4096] Endgame KR-KB} 41. Kc2 Bd4 42. e5 h4 43. e6 g3 $1 {[%cal Rg3f2]} 44. fxg3 fxg3 45. hxg3 hxg3 46. Rd8 {Intending e7 and mate.} Kf6 47. Rg8 Bf2 $1 48. Kd3 Kxe6 49. Ke4 {Black must now prevent Kf3.} Kf7 50. Rg5 {Strongly threatening Kf3.} Kf6 51. Rg4 Be1 52. Kf3 Bf2 $1 53. Re4 Kf7 54. Re2 {And now Kg2 would win.} Kf6 55. Re8 Kf5 56. Ra8 Ke5 $1 {[#]} 57. Rxa5 (57. Rd8 $1 $16) 57... Kd4 $11 {The position is equal.} 58. Ra6 {aiming for a5.} Kxc4 59. Rxc6 {Threatens to win with Rc7.} Kb3 $1 60. a5 c4 {[%cal Bc5c4,Bc4c3,Bc3c2][%mdl 32]} 61. a6 {Rc7 is the strong threat.} c3 62. a4 c2 63. Rc7 Kb2 64. Rb7+ Ka2 (64... Ka1 $5 65. Rc7 $8 Kb2 $11) 65. Rc7 Kb2 66. Rb7+ Ka2 67. Rc7 Kb2 68. Rb7+ {Accuracy: White = 87%, Black = 88%.} 1/2-1/2

[Event "AUT-ch Open 2020"]
[Site "Graz"]
[Date "2020.02.18"]
[Round "5.22"]
[White "Skuhala, Barbara"]
[Black "Meurs, Tom"]
[Result "0-1"]
[WhiteElo "2109"]
[BlackElo "2249"]
[Annotator "TA"]
[PlyCount "66"]
[EventDate "2020.02.14"]
[EventType "swiss"]
[EventCountry "AUT"]
[SourceTitle "playchess.com"]
[Source "ChessBase"]
[SourceQuality "1"]

{[%evp 13,66,16,10,16,17,-16,-10,-12,-16,-45,-44,-41,-14,-36,-33,-39,-21,-24,0,0,0,0,22,12,32,43,37,40,27,0,142,139,133,132,212,20,50,-91,84,10,27,-18,-37,-28,-25,-18,-98,-29978,-29979,-29978,-29979,-29979,-29980,-29980,-29979]} 1. e4 e5 2. Nf3 Nc6 3. Bc4 Nf6 4. d3 Bc5 5. O-O a6 6. c3 Ba7 7. Bb3 d6 8. h3 {C54: Giuoco Piano: 4 c3 Nf6, main lines with 5 d4 and 5 d3.} h6 9. Re1 g5 $1 {[%mdl 4] is recently more successful than 9...0-0.} 10. Nh2 $1 {The position is equal.} Qe7 11. Be3 Bxe3 12. Rxe3 h5 13. d4 g4 14. h4 Bd7 15. g3 {[#]} O-O-O $146 ({Predecessor:} 15... Ng8 16. Re1 O-O-O 17. d5 Nb8 18. Qd3 f5 19. Qe3 Nf6 20. Nd2 Rhf8 21. Bc2 fxe4 {1-0 (33) Weglicki,S-Malyshev,V (2170) ICCF email 2018}) 16. d5 Nb8 17. Nd2 Nh7 18. Bc2 Rdf8 19. Rc1 f5 $1 20. exf5 Bxf5 21. c4 c5 (21... Bxc2 $11 22. Qxc2 Nd7) 22. b4 $16 Nd7 {[#]} 23. Nb3 $1 e4 (23... Bxc2 $16 24. Rxc2 cxb4) 24. a4 $2 ({Better is} 24. bxc5 $18 dxc5 25. Na5) 24... Ng5 $1 $11 {[%cal Rg5h3]} 25. Qe2 (25. hxg5 $14 {was the only good move.} h4 26. Qe2 (26. Nxg4 $2 Qxg5 27. Qf1 Bxg4 $19) 26... Qxg5 27. Bxe4 Bxe4 28. Rxe4) 25... Ne5 $2 (25... Nh3+ $17 {keeps the pressure on.} 26. Kg2 Bh7) 26. hxg5 $16 h4 $1 27. Bxe4 (27. Nd2 {feels hotter.} Qh7 28. Nxe4 hxg3 29. Nxd6+ Kb8 30. fxg3 Nf3+ 31. Rxf3 gxf3 32. Qf2) 27... Bxe4 28. Rxe4 hxg3 $40 {[%mdl 192] [#] Discovered Attack. White needs to defend precisely.} 29. fxg3 {Hoping for Rxe5!} Rxh2 $1 30. Kxh2 $4 {[%mdl 8192]} (30. Rxe5 $17 Rxe2 31. Rxe7 Rxe7 32. bxc5) 30... Qh7+ {Black mates.} 31. Kg1 Nf3+ {[%mdl 64] Double Attack} 32. Kf2 Nd4+ {[%mdl 64] Discovered Attack} 33. Ke1 Qh1+ {Accuracy: White = 57%, Black = 78%.} 0-1

[Event "AUT-ch Open 2020"]
[Site "Graz"]
[Date "2020.02.18"]
[Round "5.23"]
[White "Yankelevich, Lev"]
[Black "Zadruzny, Nicolaj"]
[Result "1/2-1/2"]
[WhiteElo "2473"]
[BlackElo "2473"]
[Annotator "RC"]
[PlyCount "60"]
[EventDate "2020.02.14"]
[EventType "swiss"]
[EventCountry "AUT"]
[SourceTitle "playchess.com"]
[Source "ChessBase"]
[SourceQuality "1"]
[TimeControl "40/5400+30:1800+30"]

1. d4 {[%emt 0:00:00]} Nf6 {[%emt 0:00:00]} 2. c4 {[%emt 0:00:00]} e6 {[%emt 0:00:00]} 3. Nf3 {[%emt 0:00:00]} d5 {[%emt 0:00:00]} 4. Nc3 {[%emt 0:00:00]} Be7 {[%emt 0:00:00]} 5. Bf4 {[%emt 0:00:09]} O-O {[%emt 0:00:22]} 6. e3 {[%emt 0:00:12]} Nbd7 {[%emt 0:00:11]} 7. Be2 {[%emt 0:00:29]} dxc4 {[%emt 0:01:13]} 8. O-O {[%emt 0:00:05]} c5 {[%emt 0:04:46]} 9. dxc5 {[%emt 0:05:51]} Nxc5 {[%emt 0:01:44]} 10. Bxc4 {[%emt 0:00:16]} a6 {[%emt 0:01:11]} 11. Ne5 {[%emt 0:07:29]} Ncd7 {[%emt 0:13:28]} 12. Qf3 {[%emt 0:08:40]} Nxe5 {[%emt 0:01:37]} 13. Bxe5 {[%emt 0:00:09]} Qa5 {[%emt 0:00:47]} 14. Bg3 {[%emt 0:00:43]} Qb4 {[%emt 0:05:13]} 15. Qe2 {[%emt 0:06:37]} Bd7 {[%emt 0:09:16]} 16. a3 {[%emt 0:17:59]} Qc5 {[%emt 0:04:06]} 17. Rac1 {[%emt 0:00:12]} Nh5 {[%emt 0:08:14]} 18. Ne4 {[%emt 0:02:44]} Nxg3 {[%emt 0:00:16]} 19. Nxc5 {[%emt 0:00:19]} Nxe2+ {[%emt 0:00:14]} 20. Bxe2 {[%emt 0:00:01]} Bxc5 {[%emt 0:07:16]} 21. Rxc5 {[%emt 0:01:16]} Rfc8 {[%emt 0:00:35]} 22. Rfc1 {[%emt 0:01:42]} Rxc5 {[%emt 0:00:10]} 23. Rxc5 {[%emt 0:00:04]} Rc8 {[%emt 0:00:08]} 24. Rxc8+ {[%emt 0:00:09]} Bxc8 {[%emt 0:00:04]} 25. e4 {[%emt 0:03:07]} e5 {[%emt 0:00:21]} 26. Bc4 {[%emt 0:00:09]} Kf8 {[%emt 0:00:43]} 27. f3 {[%emt 0:00:25]} Ke7 {[%emt 0:00:13]} 28. Bd5 {[%emt 0:00:12]} b6 {[%emt 0:00:44]} 29. Kf2 {[%emt 0:00:59]} Be6 {[%emt 0:00:50]} 30. Bxe6 {[%emt 0:00:40]} Kxe6 {[%emt 0:00:09]} 1/2-1/2

[Event "AUT-ch Open 2020"]
[Site "Graz"]
[Date "2020.02.18"]
[Round "5.23"]
[White "Higatsberger, Michael"]
[Black "Bakalarz, Mietek"]
[Result "0-1"]
[WhiteElo "2096"]
[BlackElo "2245"]
[Annotator "TA"]
[PlyCount "56"]
[EventDate "2020.02.14"]
[EventType "swiss"]
[EventCountry "AUT"]
[SourceTitle "playchess.com"]
[Source "ChessBase"]
[SourceQuality "1"]

{[%evp 17,56,-8,-16,-12,0,-7,-15,-12,-2,-37,-16,-26,0,-57,13,-78,-49,-49,-42,-45,-59,-63,-52,-56,-12,-85,-85,-85,-74,-184,-191,-198,-169,-356,-370,-590,-601,-588,-556,-743,-727]} 1. e4 c5 2. Nf3 Nc6 3. Bb5 g6 4. Bxc6 bxc6 5. O-O Bg7 6. Re1 e5 7. d3 d6 8. Nbd2 Ne7 9. Nc4 O-O 10. Bd2 {B31: Sicilian: 2...Nc6 3 Bb5 g6.} f5 11. Ba5 Qd7 12. h3 {The position is equal.} h6 {[#]} 13. Qe2 $146 ({Predecessor:} 13. b4 cxb4 14. Bxb4 c5 15. Bd2 f4 16. c3 g5 17. d4 Ba6 18. Qb3 Kh8 19. Na5 cxd4 20. cxd4 exd4 {½-½ (42) Beltugov,E (2210)-Erogov,L Pskov 1998}) 13... Ba6 14. Bc3 Rf7 15. exf5 (15. Rad1 $11) 15... Rxf5 ({Better is} 15... Nxf5 $15 16. Nfd2 h5) 16. g4 (16. Nfd2 $11) 16... Rf7 (16... Rf6 {looks sharper.} 17. Nfd2 Nd5 18. Ne4 Re6 19. Bd2 Rf8) 17. Nfxe5 dxe5 18. Nxe5 Bxe5 19. Qxe5 {[%csl Gc3][%cal Re5h8]} Kh7 {White must now prevent ...Nd5.} 20. Qxc5 Nd5 21. Re4 (21. Bd2 $11 {keeps the balance.}) 21... Nxc3 $17 22. bxc3 {Threatening Rae1.} Qd5 $36 {[%mdl 2048] Black is in control.} 23. Qa3 {[#]} (23. Qe3 $17) 23... Bb7 $1 $19 {And now ...c5 would win.} 24. c4 Qg5 {Strongly threatening ...c5.} 25. f4 $2 (25. Qd6) 25... Qf6 26. Qc1 (26. Rf1 $142 c5 27. Re5) 26... c5 {Black is clearly winning.} 27. Re5 Qc6 {[%csl Gb7][%cal Rc6g2]} 28. Rd5 {[#]} Rd8 $1 {[%mdl 512] Accuracy: White = 30%, Black = 72%.} 0-1